000 00762nmc a2200289 a 4500
003 AR-BaBNM
005 20251128210949.0
008 011101s1999 ||||||||||||||000 | spa||
020 _a987-9216-88-1
040 _cAR-BaBNM
100 1 _aHernández, José
245 1 0 _aEl Chacho
_bdos miradas
260 _aBuenos Aires
_bAmeghino
_c1999
300 0 _a173 p.
490 0 _aLos precursores
650 4 _aHISTORIA ARGENTINA
650 4 _aLITERATURA ARGENTINA
650 4 _aCAUDILLOS ARGENTINOS
650 4 _aIDENTIDAD NACIONAL
650 4 _aHISTORIA POLITICA ARGENTINA
650 4 _aSIGLO DIECINUEVE
650 4 _aLUCHAS SOCIALES
655 _aLITERATURA
700 1 _aSarmiento, Domingo Faustino
800 1 _aOrgambide, Pedro
942 _cBK
999 _c17663
_d17663